000 01662cam a2200385 i 4500
001 11986408
003 EG-ScBUE
005 20241221103416.0
006 m||||fq||h 00| 0
008 000426s2001 enka f b 001 0 eng d
020 _a9780521777520
020 _a0521777526 (pbk)
040 _aDLC
_beng
_erda
_cDLC
_dDLC
_dEG-ScBUE
082 0 4 _a529.3
_bREI
_222
100 1 _aReingold, Edward M.,
_d1945-
_eauthor.
_96987
245 1 0 _aCalendrical calculations /
_cEdward M. Reingold, University of Illinois at Urbana-Champaign, Nachum Dershowitz, Tel Aviv University.
250 _aThe millennium edition.
264 1 _aCambridge ;
_aNew York :
_bCambridge University Press,
_c2001.
300 _axxxii, 422 pages :
_billustrations ;
_c24 cm +
_e1 CD
336 _2rdacontent
_atext
_btxt
336 _2rdacontent
_asounds
_bsnd
337 _aunmediated
_2rdamedia
_bn
337 _aaudio
_2rdamedia
_bs
338 _avolume
_bnc
_2rdacarrier
338 _acomputer disc
_bcd
_2rdacarrier
504 _aIncludes bibliographical references and index.
650 7 _aCalendar
_xMathematics.
_96988
_2BUEsh
651 _2BUEsh
655 _vReading book
700 1 _aDershowitz, Nachum,
_eauthor.
_96989
856 4 2 _3Publisher description
_uhttp://www.loc.gov/catdir/description/cam021/00031263.html
856 4 1 _3Table of contents
_uhttp://www.loc.gov/catdir/toc/cam023/00031263.html
942 _2ddc
_cBB
999 _c10716
_d10716